Mew mew power : générique 2 - Statistiques

Statistiques générales
  • Ce quiz a été pris 82 fois
  • Le résultat moyen est 78 sur 104
Statistiques - réponses
Paroles % Correct
Ce
92%
le
92%
sont
91%
A
89%
a
89%
filles
89%
la
89%
un
89%
cinq
87%
dans
87%
elle
87%
les
87%
Mew Mew
87%
vent,
87%
Elles
85%
elles
85%
et
85%
Et
85%
jeunes
85%
animal
83%
de
83%
du
83%
jamais
83%
jamais,
83%
nous,
83%
parmi
83%
qui
83%
sans
83%
se
83%
destin
81%
douter,
81%
leur
81%
planète
81%
recherche
81%
rêveuses
81%
sauver
81%
va
81%
basculer
79%
charmant
79%
jour
79%
prince
79%
rendre
79%
réveiller
79%
soudain
79%
toujours
79%
toujours.
79%
est
77%
heureuses
77%
l'humanité
77%
saura
77%
beau
75%
instinct
75%
normale
75%
rien
75%
toutes
75%
vie
75%
ne
74%
arrêtera
72%
puis
72%
une
72%
protéger
70%
qu'en
70%
mission
66%
mènent
64%
devront
62%
infini,
62%
seront
62%
désormais
60%
pouvoir
55%
d'un
53%
l'amour
53%
secours
47%
dangers
45%
notre
45%
prêtes
43%
tous
43%
Dotées
42%
peur,
34%
voleront
34%
répit
32%
souciantes
26%
braveront
25%
tromphera
2%
Aucun quiz correspondant
Distribution des résultats
% des personnes avec chaque résultat
Percentile par nombre de réponses
Votre historique - résultats
Vous n’avez pas pris ce quiz